Every School with an NCAA Tournament Appearance - Statistics

General Stats
  • This quiz has been taken 4,909 times
    4,895 since last reset
  • The average score is 144 of 338
Answer Stats
# Latest School % Correct
30 2026 Michigan
89%
55 2026 North Carolina
88%
40 2026 Texas
88%
52 2026 UCLA
88%
48 2026 Duke
87%
24 2026 Florida
87%
63 2026 Kentucky
84%
14 2021 Ohio
84%
26 2026 Alabama
83%
36 2026 Arizona
83%
53 2026 Kansas
83%
38 2026 UConn
83%
12 2026 Georgia
82%
19 2025 Oregon
82%
5 2015 Harvard
81%
25 2026 Pennsylvania
81%
17 2019 Washington
81%
41 2023 Indiana
80%
13 2026 Miami
80%
18 2026 Miami (OH)
80%
39 2026 Michigan State
80%
28 2026 Tennessee
80%
36 2026 Illinois
79%
30 2026 Iowa
79%
27 2026 Virginia
79%
18 2016 California
78%
18 2021 Florida State
77%
32 2026 Ohio State
77%
34 2025 Oklahoma
77%
10 2024 South Carolina
77%
8 2025 Yale
77%
37 2026 Arkansas
75%
29 2016 Utah
75%
29 2026 Wisconsin
75%
16 2024 Colorado
74%
10 2019 Minnesota
74%
9 2026 Nebraska
74%
10 2025 Ole Miss
74%
20 2023 USC
74%
17 2023 Arizona State
73%
24 2022 LSU
73%
30 2025 Maryland
73%
30 2026 Missouri
72%
13 2025 Montana
72%
17 2025 New Mexico
72%
15 2021 Oregon State
72%
27 2026 Houston
71%
5 2026 Idaho
71%
25 2026 Iowa State
71%
18 2026 Texas A&M
71%
7 2024 Washington State
71%
32 2023 Kansas State
70%
1 2017 North Dakota
70%
10 2023 Penn State
70%
2 2010 Sam Houston State
70%
21 2026 Texas Tech
70%
28 2026 NC State
69%
29 2021 Oklahoma State
69%
11 2024 Nevada
68%
1 2025 UC San Diego
68%
33 2026 BYU
67%
17 2021 Georgia Tech
67%
10 2024 Vermont
67%
31 2023 West Virginia
67%
16 2022 Wyoming
67%
6 2026 Hawaiʻi
66%
26 2023 Princeton
66%
8 2014 UMass
66%
26 2026 Utah State
66%
13 2022 Virginia Tech
66%
13 2025 Colorado State
65%
14 2025 Mississippi State
65%
20 2013 UNLV
65%
28 2026 Gonzaga
64%
41 2026 Louisville
64%
36 2026 Purdue
64%
17 2014 Stanford
64%
2 1986 Brown
63%
7 2023 Louisiana
63%
7 2024 South Dakota State
63%
14 2025 Auburn
62%
4 2011 Indiana State
62%
23 2022 New Mexico State
62%
27 2023 Pittsburgh
62%
4 2008 San Diego
62%
37 2021 Syracuse
62%
5 2026 North Dakota State
61%
37 2022 Notre Dame
61%
10 2018 Rhode Island
61%
18 2009 Boston College
60%
3 1968 Columbia
60%
6 2022 Delaware
60%
6 1963 NYU
60%
15 2026 Clemson
59%
6 2022 Georgia State
59%
3 2024 Northwestern
59%
17 2026 Vanderbilt
59%
31 2021 Georgetown
58%
23 2025 Memphis
58%
8 2022 Rutgers
58%
1 1999 Arkansas State
57%
6 2024 Montana State
57%
17 2010 UTEP
57%
41 2026 Villanova
57%
17 2025 Baylor
56%
4 2019 Buffalo
56%
33 2019 Cincinnati
56%
11 1987 Idaho State
56%
31 2026 St. John's
56%
6 1999 Missouri State
55%
12 2026 TCU
55%
5 2010 Cornell
54%
11 2026 Saint Louis
54%
17 2022 San Francisco
54%
6 2026 UCF
54%
10 2024 Boise State
53%
7 1959 Dartmouth
53%
11 1998 Navy
53%
2 1997 Texas State
53%
4 2011 UTSA
53%
6 1998 Illinois State
52%
8 2026 Akron
51%
9 2016 Southern
51%
4 2026 South Florida
51%
4 2006 Air Force
50%
5 2025 Alabama State
50%
3 2026 Tennessee State
50%
16 2016 Tulsa
50%
5 1986 Jacksonville
49%
23 2017 Wake Forest
49%
8 2022 Loyola Chicago
48%
3 1958 Loyola (LA)
48%
4 1990 Loyola Marymount
48%
2 2012 Loyola (MD)
48%
2 1996 Portland
48%
22 2023 Providence
48%
15 2026 Saint Mary's
48%
17 2025 San Diego State
48%
37 2025 Marquette
46%
13 2026 SMU
46%
4 1980 Toledo
46%
3 1995 Tulane
46%
11 1969 Seattle
45%
5 2003 South Carolina State
45%
4 2014 Western Michigan
45%
4 1998 Eastern Michigan
44%
3 2024 Florida Atlantic
44%
33 2019 Temple
44%
26 2025 Creighton
43%
19 2024 Dayton
43%
6 2012 Detroit Mercy
43%
4 1970 Rice
43%
6 2024 James Madison
42%
17 2024 UAB
42%
7 2011 Boston University
41%
5 2016 Fresno State
41%
21 2026 VCU
41%
16 2021 Wichita State
41%
30 2025 Xavier
41%
5 2015 Albany
40%
4 2003 Central Michigan
40%
11 2005 Charlotte
40%
10 2022 Richmond
40%
7 2023 UC Santa Barbara
40%
23 2024 Western Kentucky
40%
5 2026 Howard
39%
4 2014 Milwaukee
39%
2 2014 Stephen F. Austin
39%
11 2014 George Washington
38%
4 2021 North Texas
38%
1 2025 Omaha
38%
3 1996 San Jose State
38%
4 1968 Bowling Green
37%
16 2018 Butler
37%
7 2024 Charleston
37%
8 2026 LIU
37%
5 1991 Louisiana Tech
37%
4 2024 Oakland
37%
1 1995 FIU
36%
7 2023 Kent State
36%
2 2019 UC Irvine
36%
3 2026 UMBC
36%
6 2011 George Mason
35%
4 2025 Grand Canyon
35%
6 2025 Liberty
35%
5 2018 Marshall
35%
5 2017 New Orleans
35%
6 2016 Austin Peay
34%
4 2015 Coastal Carolina
34%
1 2005 Delaware State
34%
5 2016 Green Bay
34%
9 2017 Middle Tennessee
34%
9 2019 Northeastern
34%
3 1996 Northern Illinois
34%
1 2017 UC Davis
34%
7 2000 Ball State
33%
3 2021 Cleveland State
33%
3 1992 Georgia Southern
33%
2 2026 High Point
33%
3 2007 Jackson State
33%
12 2026 Santa Clara
33%
4 2026 Troy
33%
18 2004 DePaul
32%
9 2026 Northern Iowa
32%
5 2024 Saint Peter's
32%
3 2012 Southern Miss
32%
4 2025 American
31%
8 2025 Drake
31%
2 1993 East Carolina
31%
7 2025 UNC Wilmington
31%
15 2022 Davidson
30%
3 2017 Florida Gulf Coast
30%
2 2022 Jacksonville State
30%
2 2026 Kennesaw State
30%
6 2026 Lehigh
30%
5 2016 Little Rock
30%
7 1996 Louisiana-Monroe
30%
2 2009 Portland State
30%
14 2022 Seton Hall
30%
10 2007 Southern Illinois
30%
13 2002 Pepperdine
29%
7 2026 Siena
29%
3 2021 Appalachian State
28%
12 2022 Chattanooga
28%
8 2014 Eastern Kentucky
28%
3 2007 Florida A&M
28%
1 2024 Grambling
28%
4 2015 Lafayette
28%
7 2024 Long Beach State
28%
12 2019 Old Dominion
28%
20 2016 Saint Joseph's
28%
4 2021 UNC Greensboro
28%
7 2024 Colgate
27%
6 2024 Duquesne
27%
7 2023 Oral Roberts
27%
8 2008 South Alabama
27%
1 2005 Alabama A&M
26%
8 2026 Furman
26%
5 2026 Hofstra
26%
1 2026 Queens
26%
2 1963 Tennessee Tech
26%
1 2014 Cal Poly
25%
5 2021 Drexel
25%
3 2021 Eastern Washington
25%
13 2016 Holy Cross
25%
5 2026 McNeese
25%
2 2000 Northern Arizona
25%
2 2001 Eastern Illinois
24%
1 2021 Hartford
24%
4 2025 Norfolk State
24%
4 2022 Cal State Fullerton
23%
3 2023 Texas A&M–Corpus Christi
23%
4 1992 Fordham
23%
18 2022 Murray State
23%
1 2015 North Florida
23%
1 2016 Cal State Bakersfield
22%
8 2015 Manhattan
22%
3 2026 Prairie View A&M
22%
8 2021 St. Bonaventure
22%
5 2023 UNC Asheville
22%
5 2026 Wright State
22%
8 2019 Belmont
21%
1 2026 Cal Baptist
21%
16 2023 Iona
21%
1 2003 IUPUI
21%
3 2023 Northern Kentucky
21%
11 2023 Texas Southern
21%
9 2015 Valparaiso
21%
1 2009 Binghamton
20%
8 2018 Bucknell
20%
12 2013 La Salle
20%
9 2013 Pacific
20%
3 1977 VMI
20%
16 2016 Weber State
20%
9 2019 Bradley
19%
5 1999 Evansville
19%
7 2023 Fairleigh Dickinson
19%
1 2011 Northern Colorado
19%
1 2016 Stony Brook
19%
3 2004 UIC
19%
6 2025 Wofford
19%
2 2021 Abilene Christian
18%
1 2010 Arkansas-Pine Bluff
18%
3 2007 Niagara
18%
9 2025 Robert Morris
18%
2 2025 Saint Francis
18%
1 2024 Stetson
18%
2 1991 Towson
18%
1 2008 UT Arlington
18%
6 2002 Alcorn State
17%
2 2025 Bryant
17%
3 2007 Central Connecticut
17%
10 2017 East Tennessee State
17%
6 2016 Hampton
17%
3 2014 Mercer
17%
9 2024 Morehead State
17%
10 2013 North Carolina A&T
17%
3 2024 Samford
17%
1 2001 Southern Utah
17%
3 1997 Fairfield
16%
2 1987 Marist
16%
4 2006 Monmouth
16%
7 2025 Mount St. Mary's
16%
1 1996 Western Carolina
16%
2 2023 Southeast Missouri State
15%
1 1974 Cal State Los Angeles
14%
1 1997 Charleston Southern
14%
6 2012 Lamar
14%
2 2025 Lipscomb
14%
2 2010 Morgan State
14%
3 2018 Radford
14%
3 1994 Rider
14%
1 2025 SIU Edwardsville
14%
1 1940 Springfield
14%
11 2021 Winthrop
14%
2 2009 Cal State Northridge
13%
1 1992 Campbell
13%
4 1996 Canisius
13%
2 1950 CCNY
13%
4 2008 Coppin State
13%
1 2019 Gardner–Webb
13%
2 2024 Longwood
13%
5 2012 Mississippi Valley State
13%
4 2019 North Carolina Central
13%
3 2013 Northwestern State
13%
2 2024 Wagner
13%
2 1998 Nicholls
12%
11 1973 Oklahoma City
12%
1 1945 Tufts
11%
1 2005 Southeastern Louisiana
10%
1 1955 Williams
10%
1 1944 Catholic
9%
1 1984 Houston Christian
9%
1 1956 Wayne State
9%
1 1969 Trinity
7%
1 1955 West Texas A&M
5%
2 1957 Hardin–Simmons
4%
1 1953 Lebanon Valley
3%
No matching quizzes found
Score Distribution
Percent of People with Each Score
Percentile by Number Answered
Your Score History
You have not taken this quiz since the last reset